000 00723nas a2200241 4500
001 BR7306524
003 BR-BrBNA
005 20231205082610.0
007 ta
008 230509b bl.|||p| |||| 00| 00por d
040 _aBR-BrBNA
_bpor
_cBiblioteca Nacional de Agricultura
041 _a(Pt)
072 _aQ20; L73
100 1 _aPanetta, J.C.
245 1 _aHigiene dos alimentos e zoonoses [cisticercose, teniase, salmonelose]
650 _aHIGIENE DE ALIMENTO
650 _aZOONOSE
650 _aSALMONELOSE
650 _aCISTICERCOSE
773 0 _tAtualidades Agroveterinarias (Brazil)
_xISSN 0100-2643
_g(Nov 1976), v. 4(25) p. 6-9
_wBR7306524
909 _a202311
_bLúcia
_c55
_dLúcia Elande
942 _2AGRIS
_n0
_cANA
999 _c93117
_d93117